[Event "Summer Cup"]
[Site "Wellington Chess Club"]
[Date "2012.03.20"]
[Round "6"]
[White "Dive, Russell"]
[Black "Forster, Bill"]
[Result "1-0"]
[WhiteElo "2440"]
[BlackElo "2004"]

1. Nf3 f5 2. g3 Nf6 3. Bg2 d6 4. d4 e6 5. b3 Be7 6. O-O O-O 7. Bb2 Ne4 8. Ne1
Bf6 9. Nd3 Nc6 10. e3 e5 11. dxe5 Nxe5 12. Qe2 Qe7 13. Na3 Bd7 14. Rad1 Rae8
15. Nf4 Bc6 16. c4 g6 17. Nb5 a6 18. Nd4 Qf7 19. Nd5 Bg7 20. Qc2 Kh8 21. a3 g5
22. Ba1 h5 23. Nxf5 Qxf5 24. Qxe4 Nf3+ 25. Qxf3 Qxf3 26. Bxf3 Rxf3 27. Nxc7
Ref8 28. Bxg7+ Kxg7 29. Ne6+ 1-0

[Event "Summer Cup"]
[Site "Wellington Chess Club"]
[Date "2012.03.20"]
[Round "6"]
[White "Frater, Dylan"]
[Black "Aldridge, Alan"]
[Result "0-1"]
[WhiteElo "1457"]
[BlackElo "1924"]

1. d4 Nf6 2. c4 c5 3. Nf3 g6 4. Nc3 cxd4 5. Nxd4 Bg7 6. h3 O-O 7. e4 d6 8. Be2
Nc6 9. Nxc6 bxc6 10. O-O Bb7 11. Be3 c5 12. Bf3 Nd7 13. Qd2 Ne5 14. Be2 Nc6 15.
Bh6 Nd4 16. Bxg7 Kxg7 17. b4 Nxe2+ 18. Qxe2 cxb4 19. Nd5 Bxd5 20. exd5 a5 21.
Rfe1 Re8 22. Qb2+ Kg8 23. Re3 Qc8 24. Re4 Ra7 25. Rae1 Rc7 26. Qe2 Qa6 27. g4
a4 28. Qd3 Rb7 29. Ra1 Qb6 30. Qf3 b3 31. a3 b2 32. Rb1 Qb3 33. Qxb3 Rxb3 34.
Re3 Reb8 35. Rxe7 Rxa3 36. Rd7 Ra1 0-1

[Event "Summer Cup"]
[Site "Wellington Chess Club"]
[Date "2012.03.20"]
[Round "6"]
[White "Jackson, Ross"]
[Black "Veldhuizen, Matt"]
[Result "1-0"]
[WhiteElo "2020"]
[BlackElo "1545"]

1. d4 f5 2. c4 Nf6 3. g3 e6 4. Bg2 d5 5. b3 c6 6. Nf3 Bb4+ 7. Kf1 O-O 8. a3 Ba5
9. b4 Bc7 10. c5 Qe8 11. Ne5 Nbd7 12. f4 Nxe5 13. fxe5 Ne4 14. Nd2 Bd7 15. Nxe4
fxe4+ 16. Ke1 Qg6 17. Be3 Rf7 18. Kd2 Raf8 19. Qb3 a6 20. Rag1 Bd8 21. h4 h5
22. Qd1 Qh7 23. Bh3 g6 24. Qe1 Rg7 25. Kc3 g5 26. hxg5 Bxg5 27. Qd2 Bxe3 28.
Qxe3 Qg6 29. g4 h4 30. g5 Rh7 31. Bg4 Kg7 32. Rf1 Rfh8 33. Rf6 Qe8 34. Qf2 Rf8
35. Rxh4 Rxh4 36. Qxh4 Rxf6 37. exf6+ Kg8 38. Qh6 Qf8 39. Bh5 1-0

[Event "Summer Cup"]
[Site "Wellington Chess Club"]
[Date "2012.03.20"]
[Round "6"]
[White "Ker, Anthony"]
[Black "Nijman, Brian"]
[Result "1-0"]
[WhiteElo "2451"]
[BlackElo "2199"]

1. e4 c5 2. c3 a6 3. d4 e6 4. Nf3 d5 5. e5 Nc6 6. Be2 Bd7 7. O-O Rc8 8. Nbd2
cxd4 9. cxd4 Nge7 10. Nb3 Qb6 11. Bd2 Nf5 12. Kh1 Be7 13. g4 Nh4 14. Nxh4 Bxh4
15. f4 Be7 16. f5 Bb4 17. Rc1 h5 18. fxe6 Bxe6 19. gxh5 a5 20. Bxb4 Qxb4 21.
Rc5 O-O 22. Rg1 Bf5 23. Qf1 Nxd4 24. Nxd4 Be4+ 25. Bf3 Qxd4 26. Rxc8 Rxc8 27.
h6 g6 28. Qh3 Rc2 29. e6 f5 30. e7 Qe5 31. Rxg6+ Kh7 32. Rg7+ Kh8 33. e8=Q+
Qxe8 34. Qg3 Rc1+ 35. Kg2 Re1 36. Rh7+ 1-0

[Event "Summer Cup"]
[Site "Wellington Chess Club"]
[Date "2012.03.20"]
[Round "6"]
[White "Marney, John"]
[Black "Theodosiou, Andreas"]
[Result "1-0"]
[WhiteElo "1620"]
[BlackElo "1238"]

1. e4 e6 2. d4 d5 3. Nc3 dxe4 4. Nxe4 Nf6 5. Bd3 b6 6. Nf3 Bb7 7. Bg5 Be7 8.
Nxf6+ Bxf6 9. Bxf6 Qxf6 10. c3 Nd7 11. O-O O-O 12. Qe2 Rad8 13. Rae1 c5 14. Be4
Bc8 15. Bc6 cxd4 16. Nxd4 Nb8 17. Ba4 Rd5 18. Bb3 Ba6 19. Bc4 Re5 20. Qd3 Bxc4
21. Qxc4 Rg5 22. Re3 Qg6 23. g3 h5 24. Nf3 Rg4 25. Qc7 h4 26. Ne5 Rxg3+ 27.
fxg3 Qg5 28. Ref3 f5 29. Kf2 Na6 30. Qxa7 f4 31. Re1 fxg3+ 32. hxg3 Qxg3+ 33.
Ke2 Qxe5+ 34. Re3 Qh2+ 35. Kd1 Rd8+ 36. Kc1 Qd2+ 37. Kb1 Qd1+ 38. Rxd1 Rxd1+
39. Kc2 1-0

[Event "Summer Cup"]
[Site "Wellington Chess Club"]
[Date "2012.03.20"]
[Round "6"]
[White "Nyberg, Michael"]
[Black "Roberts, Michael"]
[Result "1/2-1/2"]
[WhiteElo "2087"]
[BlackElo "1789"]

1. e4 e5 2. Nf3 Nc6 3. Bc4 Bc5 4. c3 Bb6 5. d3 Nf6 6. b4 d6 7. a4 a5 8. b5 Ne7
9. Bg5 O-O 10. Nbd2 Be6 11. Rc1 c6 12. O-O d5 13. Bb3 h6 14. Bh4 Ng6 15. Bg3
dxe4 16. dxe4 Bxb3 17. Qxb3 cxb5 18. Qxb5 Bc7 19. Rfd1 Qd7 20. Qb3 Qc6 21. Re1
Nh5 22. Rb1 Nxg3 23. hxg3 Rab8 24. Nc4 Rfd8 25. Na3 Nf8 26. Nb5 Ne6 27. Nh4 Rd2
28. Nf5 Qc5 29. Ne3 Rbd8 30. Rbd1 Bb6 31. Qb1 Qc6 32. Rxd2 Rxd2 33. Qc1 Bxe3
34. Rxe3 Rd8 35. Qb1 Nc5 36. Qc2 Qd7 37. Re1 Qd2 38. Qxd2 Rxd2 39. f3 b6 40.
Ra1 Rb2 41. Nd6 Rb3 42. Nc4 Nd7 43. Rc1 f6 1/2-1/2

[Event "Summer Cup"]
[Site "Wellington Chess Club"]
[Date "2012.03.20"]
[Round "6"]
[White "Sknar, Andrew"]
[Black "Sknar, Andrew"]
[Result "0-1"]
[WhiteElo "1044"]
[BlackElo "1353"]

1. e4 e5 2. Nf3 Nc6 3. g3 Bc5 4. Bg2 h6 5. O-O Nf6 6. Nc3 O-O 7. d3 d5 8. Qe2
d4 9. Nd1 a5 10. b3 a4 11. bxa4 Rxa4 12. Nb2 Ra5 13. Bd2 Ra6 14. Nc4 Be6 15. a3
b5 16. Nb2 Qb8 17. Rfb1 Bxa3 18. Nd1 Qa7 19. c3 Ra8 20. cxd4 Bb4 21. Rxa6 Qxa6
22. Bxb4 exd4 23. Qb2 Rd8 24. Bc5 Na5 25. Nxd4 c6 26. Nxe6 fxe6 27. Be7 Rxd3
28. Bxf6 Rb3 29. Qc2 Rxb1 30. Qxb1 gxf6 31. Nc3 Kf7 32. Kf1 Nc4 33. Ke2 Ne5 34.
f4 b4+ 35. Ke3 Ng4+ 36. Kf3 Nxh2+ 37. Kf2 bxc3 38. Bf1 Qa7+ 39. Kg2 Ng4 40. Be2
Ne3+ 41. Kf3 c2 42. Qc1 Qc5 43. Bd3 Qc3 44. Ke2 Nc4 45. Bxc4 Qxc4+ 46. Kd2 Qxe4
47. Qxc2 Qg2+ 48. Kd3 Qxg3+ 49. Ke4 Qg6+ 50. f5 Qxf5+ 51. Kd4 Qxc2 52. Ke3 f5
53. Kf4 Kf6 54. Ke3 e5 55. Kf3 Qd3+ 56. Kf2 e4 57. Kg2 e3 58. Kf3 e2+ 59. Kf2
Qd2 60. Kf3 e1=R 61. Kg3 Re3+ 62. Kh4 Qh2# 0-1

[Event "Summer Cup"]
[Site "Wellington Chess Club"]
[Date "2012.03.20"]
[Round "6"]
[White "Timergazi, Layla"]
[Black "Stoeveken, Peter"]
[Result "1/2-1/2"]
[WhiteElo "1302"]
[BlackElo "1901"]

1. d4 d5 2. c4 Nf6 3. cxd5 Nxd5 4. e4 Nf6 5. Nc3 Bg4 6. Be2 Bxe2 7. Ngxe2 e6 8.
Qd3 c6 9. O-O Be7 10. e5 Nd5 11. Nxd5 cxd5 12. Qg3 g6 13. Bh6 Nd7 14. Rac1 Bf8
15. Bd2 Qb6 16. Rc2 Qa6 17. Nc3 Bb4 18. Rfc1 (18. Nxd5 exd5 19. Bxb4 Qa4 20.
Qc3 Nb6 21. b3 Qb5 22. a4 {+-} ) 18... O-O 19. a3 Bxc3 20. Rxc3 Nb6 21. Bh6
Rfc8 $4 22. Qf4 $4 (22. Rxc8+ Nxc8 23. Qg5 { and Black can resign!} ) 22...
Rxc3 23. bxc3 Nd7 {now black is winning} 24. Re1 Qxa3 25. h3 Qe7 26. Bg5 Qe8
27. Rd1 a6 28. Qd2 b5 29. Qb2 Nb6 30. Qb4 Nc4 31. Qc5 Qd7 32. Bh6 Rc8 33. Qb4
Rb8 34. Qb1 Rb6 35. Qc1 f5 $2 36. exf6 Qf7 37. Qf4 Nd6 38. Bg5 Ne4 39. Rc1 a5
40. Bh4 a4 41. f3 Nd6 42. g4 a3 43. Bg3 Nc4 44. Ra1 Qf8 45. g5 b4 46. cxb4 Rxb4
47. Be1 Ra4 48. Rb1 Nb2 49. Qe5 Ra6 50. Qe2 Qd6 51. Bb4 Qg3+ 52. Qg2 Qf4 53.
Bxa3 Rxa3 54. Qxb2 Qxg5+ 55. Qg2 Qxg2+ 56. Kxg2 Kf7 57. Rb7+ Kxf6 58. Rxh7 Kg5
59. Kg3 Rd3 60. Rh4 Re3 $2 (60... Rxf3+ $18) 61. Rg4+ Kf5 62. Rf4+ Kg5 63. Rg4+
Kf5 64. Rf4+ Kg5 1/2-1/2

[Event "Summer Cup"]
[Site "Wellington Chess Club"]
[Date "2012.03.20"]
[Round "6"]
[White "Wastney, Scott"]
[Black "Gillespie, John"]
[Result "1-0"]
[WhiteElo "2372"]
[BlackElo "1551"]

1. e4 c5 2. Nf3 d6 3. d4 cxd4 4. Nxd4 Nf6 5. Nc3 Nc6 6. Be2 a6 7. a4 Nxd4 8.
Qxd4 e5 9. Qd3 Be7 10. O-O O-O 11. Rd1 Qc7 12. Bg5 Be6 13. Bxf6 Bxf6 14. Qxd6
Qxd6 15. Rxd6 Rfd8 16. Rad1 Be7 17. Rxd8+ Bxd8 18. Nd5 g6 19. c3 Rb8 20. g3 b5
21. axb5 axb5 22. Nb4 Bf6 23. Kf1 Rb7 24. Ke1 Bb3 25. Ra1 Be7 26. Nc6 Bd6 27.
Na5 Ra7 28. Nxb3 Rxa1+ 29. Nxa1 b4 30. Nb3 bxc3 31. bxc3 Kf8 32. Kd2 Ke7 33.
Kd3 Bc7 34. c4 f5 35. c5 h5 36. exf5 gxf5 37. Bxh5 Ke6 38. Kc4 1-0

[Event "Summer Cup"]
[Site "Wellington Chess Club"]
[Date "2012.03.20"]
[Round "6"]
[White "Whittle, Jonathon"]
[Black "Palmer, Luke"]
[Result "1/2-1/2"]
[WhiteElo "1700"]
[BlackElo "1151"]

1. Nf3 d6 2. g3 e5 3. d3 Be7 4. Bg2 Nc6 5. O-O Bg4 6. c4 h6 7. Nc3 Nf6 8. Rb1
O-O 9. b4 a6 10. a4 Qd7 11. Re1 Bh3 12. Bh1 Rab8 13. b5 axb5 14. axb5 Na5 15.
Bd2 b6 16. Na2 d5 17. Nxe5 Qd6 18. Nf3 dxc4 19. Bb4 Qd7 20. Bxa5 bxa5 21. Ne5
Qe6 22. Nxc4 Nd5 23. Qc2 Qf5 24. Nxa5 Nf4 25. Qxc7 Ng6 26. Be4 Qe5 27. Qxe5
Nxe5 28. f4 Nd7 29. Nc6 Rbe8 30. Nxe7+ Rxe7 31. b6 Be6 32. Nc3 Rb8 33. b7 Nc5
34. Nd5 Rd7 35. Nb6 Rdd8 36. Nc4 Bxc4 37. dxc4 Nxe4 38. Rec1 Nc5 39. Kf2 Nxb7
40. Ke3 Nc5 41. Rxb8 Rxb8 42. Rc2 Rd8 43. Rd2 Rc8 44. Rd5 Nb7 45. Kd3 Kf8 46.
e4 Ke7 47. e5 Rd8 48. Ke4 Rxd5 49. Kxd5 Nd8 50. c5 g6 51. g4 Kd7 52. f5 gxf5
53. gxf5 h5 54. e6+ fxe6+ 55. fxe6+ Nxe6 56. c6+ Ke7 57. Ke5 Nc7 58. Kf5 Kd6
59. Kg5 Kxc6 60. Kxh5 Ne6 61. Kg6 Kd5 62. Kf5 Kd6 63. h4 Ke7 64. Kg6 Kf8
1/2-1/2

[Event "Summer Cup"]
[Site "Wellington Chess Club"]
[Date "2012.03.27"]
[Round "7"]
[White "Cook, John"]
[Black "Jackson, Ross"]
[Result "1/2-1/2"]
[WhiteElo "1656"]
[BlackElo "2020"]

1. d4 d5 2. e3 Bf5 3. c4 c6 4. f4 e6 5. Nf3 Bxb1 6. Rxb1 Qa5+ 7. Bd2 Qxa2 8. c5
b5 9. Ra1 Qxb2 10. Rb1 Qa2 11. Ra1 Qb2 1/2-1/2

[Event "Summer Cup"]
[Site "Wellington Chess Club"]
[Date "2012.03.27"]
[Round "7"]
[White "Dive, Russell"]
[Black "Ker, Anthony"]
[Result "1/2-1/2"]
[WhiteElo "2440"]
[BlackElo "2451"]

1. Nf3 d6 2. d4 Bg4 3. c4 Nd7 4. Qb3 Qc8 5. h3 Bxf3 6. Qxf3 g6 7. e3 Bg7 8. g4
c5 9. d5 Qc7 10. e4 h6 11. Qe2 Ngf6 12. h4 O-O-O 13. Bh3 g5 14. Nc3 gxh4 15.
Bd2 Kb8 16. f4 Nf8 17. O-O-O Ng6 18. Rhf1 Nd7 19. Rf3 a6 20. Re1 Ka8 21. Qh2 e5
22. dxe6 fxe6 23. Qg2 Qb6 24. g5 Ngf8 25. Rd3 hxg5 26. Qxg5 Bf6 27. Qg2 Rh7 28.
Qh2 Bd4 29. Be3 Nb8 30. Bxd4 cxd4 31. Ne2 Nc6 32. Kb1 Nd7 33. Rb3 Qa5 34. Rd1
Nc5 35. Ra3 Qb4 36. Qg1 d3 37. Nd4 Qxc4 38. Nxc6 bxc6 39. Rc1 Qb5 40. Bf1 Rb7
41. Qh2 Rdb8 42. b3 Qb4 43. Qb2 Na4 44. Rxc6 Qe1+ 45. Qc1 d2 46. Rxa6+ Ra7 47.
Rxa7+ Kxa7 48. Rxa4+ Kb7 49. Rb4+ Ka7 50. Ra4+ 1/2-1/2

[Event "Summer Cup"]
[Site "Wellington Chess Club"]
[Date "2012.03.27"]
[Round "7"]
[White "Forster, Bill"]
[Black "Aldridge, Alan"]
[Result "1/2-1/2"]
[WhiteElo "2004"]
[BlackElo "1924"]

1. Nf3 f5 2. d4 Nf6 3. c4 g6 4. Nc3 Bg7 5. g3 d6 6. Bg2 O-O 7. O-O Na6 8. Re1
c5 9. d5 Ng4 10. Qd2 Nc7 11. b3 b5 12. Bb2 bxc4 13. bxc4 Rb8 14. Nd1 Nf6 15.
Qc2 Nce8 16. e3 Ne4 17. Bxg7 Kxg7 18. Nc3 N8f6 19. Nd2 Nxd2 20. Qxd2 Ba6 21. e4
fxe4 22. Nxe4 h6 23. Qc3 Rb4 24. Nxf6 Rxf6 25. Re4 Bc8 26. Rae1 Rb7 27. Qe3 Qf8
28. Rxe7+ Rxe7 29. Qxe7+ Qxe7 30. Rxe7+ Rf7 31. Rxf7+ Kxf7 32. f4 Kf6 33. Be4
Bf5 34. Bg2 Bd3 35. Bf1 Bxf1 36. Kxf1 Kf5 37. h4 Ke4 38. Ke2 h5 39. Kf2 Kd4 40.
g4 Kxc4 41. f5 Kxd5 42. fxg6 Ke6 43. gxh5 Kf6 44. Ke3 d5 1/2-1/2

[Event "Summer Cup"]
[Site "Wellington Chess Club"]
[Date "2012.03.27"]
[Round "7"]
[White "Gillespie, John"]
[Black "Brockway, Andrew"]
[Result "0-1"]
[WhiteElo "1551"]
[BlackElo "1805"]

1. e4 c5 2. Nf3 g6 3. d4 cxd4 4. Nxd4 Nc6 5. Be3 Bg7 6. c3 Nf6 7. f3 O-O 8. Nd2
d6 9. Bc4 d5 10. Nxc6 bxc6 11. Bb3 Ba6 12. Qc2 e5 13. Bc5 Re8 14. exd5 cxd5 15.
O-O-O Qc7 16. Bf2 Rac8 17. Ba4 Red8 18. Nb3 d4 19. Nxd4 exd4 20. Bxd4 Nh5 21.
Bf2 Rxd1+ 22. Qxd1 Rd8 23. Qe1 Qf4+ 0-1

[Event "Summer Cup"]
[Site "Wellington Chess Club"]
[Date "2012.03.27"]
[Round "7"]
[White "Pomeroy, Arthur"]
[Black "Nyberg, Michael"]
[Result "1-0"]
[WhiteElo "2081"]
[BlackElo "2087"]

1. e4 Nf6 2. e5 Nd5 3. d4 d6 4. Nf3 g6 5. Bc4 c6 6. O-O Bg7 7. h3 O-O 8. Bb3 a5
9. c3 Bf5 10. Re1 Na6 11. Nbd2 Nf4 12. exd6 exd6 13. Ne4 Ne6 14. Ng3 d5 15.
Nxf5 gxf5 16. Bc2 Qf6 17. Qd3 Nac7 18. Re5 Rfe8 19. Rxf5 Qd8 20. Ng5 Nxg5 21.
Bxg5 Qd7 22. Rf4 Ne6 23. Qxh7+ Kf8 24. Bf6 Bxf6 25. Rxf6 Nd8 26. Bf5 Qc7 27.
Qh6+ Ke7 28. Re1+ Ne6 29. Bxe6 Kd8 30. Re5 fxe6 31. Rfxe6 Rxe6 32. Qxe6 1-0

[Event "Summer Cup"]
[Site "Wellington Chess Club"]
[Date "2012.03.27"]
[Round "7"]
[White "Roberts, Michael"]
[Black "Hewson, Michael"]
[Result "0-1"]
[WhiteElo "1789"]
[BlackElo "1718"]

1. d4 Nf6 2. c4 c5 3. d5 b5 4. cxb5 a6 5. Nc3 g6 6. g3 d6 7. Bg2 Bg7 8. e4 axb5
9. Nxb5 Qa5+ 10. Nc3 O-O 11. Ne2 Ba6 12. O-O Nbd7 13. Re1 Rfb8 14. Bd2 Rxb2 15.
Rb1 Rab8 16. Rxb2 Rxb2 17. Qc1 Qa3 18. Bf1 Ne5 0-1

[Event "Summer Cup"]
[Site "Wellington Chess Club"]
[Date "2012.03.27"]
[Round "7"]
[White "Sellen, Ian"]
[Black "Marney, John"]
[Result "1-0"]
[WhiteElo "2069"]
[BlackElo "1620"]

1. c4 e6 2. g3 d5 3. Bg2 Nf6 4. d4 Be7 5. Nc3 O-O 6. cxd5 exd5 7. Nf3 Nbd7 8.
O-O Re8 9. Bf4 c6 10. Rc1 Nf8 11. Re1 Ng6 12. Bd2 Bf5 13. Qb3 Qb6 14. Qxb6 axb6
15. a3 Bd6 16. Ng5 h6 17. e4 dxe4 18. Ngxe4 Nxe4 19. Nxe4 Be7 20. Nc3 Bf6 21.
Be3 Be6 22. h4 Bb3 23. h5 Nf8 24. Ne4 Be7 25. g4 Rad8 26. Ng3 Bf6 27. Nf5 Kh7
28. d5 Bxd5 29. Bxb6 Rd7 30. Rxe8 Ne6 31. Bxd5 cxd5 32. Rcc8 g6 33. hxg6+ fxg6
34. Rxe6 1-0

[Event "Summer Cup"]
[Site "Wellington Chess Club"]
[Date "2012.03.27"]
[Round "7"]
[White "Shierlaw, Hamish"]
[Black "Timergazi, Layla"]
[Result "1/2-1/2"]
[WhiteElo "1567"]
[BlackElo "1302"]

1. e4 c6 2. d4 d5 3. Nc3 dxe4 4. Nxe4 Bf5 5. Ng3 Bg6 6. Nf3 Nd7 7. Bd3 Bxd3 8.
Qxd3 e6 9. O-O Qc7 10. Bd2 h5 11. h4 O-O-O 12. Qe2 Bd6 13. Ne4 Ndf6 14. Nxd6+
Qxd6 15. Bc3 Nh6 16. Qe5 Qd5 17. Qxd5 Rxd5 18. Rfe1 Nd7 19. Ne5 Nxe5 20. Rxe5
Rxe5 21. dxe5 Nf5 22. g3 Rd8 23. Kf1 Kc7 24. Ke1 Kb6 25. Rd1 Rxd1+ 26. Kxd1 Kc5
27. Kd2 Kd5 28. Kd3 b5 29. b4 a6 30. a3 1/2-1/2

[Event "Summer Cup"]
[Site "Wellington Chess Club"]
[Date "2012.03.27"]
[Round "7"]
[White "Sknar, Andrew"]
[Black "Whittle, Jonathon"]
[Result "1-0"]
[WhiteElo "1353"]
[BlackElo "1700"]

1. e4 g6 2. Bc4 Bg7 3. h3 d6 4. Nf3 a6 5. O-O b5 6. Bb3 c5 7. d3 h6 8. a4 b4 9.
c3 Nc6 10. d4 cxd4 11. cxd4 Bb7 12. d5 Nb8 13. a5 Nf6 14. Nbd2 Nbd7 15. Re1 Nc5
16. Ba4+ Nfd7 17. Nc4 O-O 18. Bd2 Nxe4 19. Rxe4 Bxd5 20. Rh4 Rb8 21. Bxh6 Bxf3
22. Qxf3 Ne5 23. Nxe5 Bxe5 24. Bc2 e6 25. Qg4 Rb7 26. Bxg6 fxg6 27. Qxg6+ Bg7
28. Bg5 Qd7 29. Qh7+ Kf7 30. Rf4+ Ke8 31. Qg6+ Rf7 32. h4 Kf8 33. h5 Rxf4 34.
Bxf4 Bxb2 35. Bh6+ Bg7 36. Re1 e5 37. Re3 b3 38. Bxg7+ Qxg7 39. Qxd6+ Qe7 40.
Rf3+ Ke8 41. Qg6+ Kd8 42. Qg8+ Kc7 43. Rc3+ Kd6 44. Rd3+ Kc6 45. Qc4+ Qc5 46.
Qe6+ Kc7 47. Qe8 b2 48. Qd8+ Kc6 49. Qe8+ Kc7 50. Rd7+ Kc6 51. Qc8+ Rc7 52.
Qxc7+ Kb5 53. Qb7+ Kxa5 54. Qxb2 1-0

[Event "Summer Cup"]
[Site "Wellington Chess Club"]
[Date "2012.03.27"]
[Round "7"]
[White "Stoeveken, Peter"]
[Black "Frater, Dylan"]
[Result "1-0"]
[WhiteElo "1901"]
[BlackElo "1457"]

1. d4 c5 2. dxc5 e5 3. Nf3 Bxc5 4. Qd5 d6 5. Ng5 Qf6 6. Ne4 Qg6 7. Nxc5 Qxc2 8.
Nd3 Qc7 9. Nc3 a6 10. Ne4 Ke7 11. Bd2 Be6 12. Qa5 b6 13. Qa3 a5 14. Nxe5 f5 15.
Rc1 Qd8 16. Ng3 Ke8 17. Nf3 Nf6 18. Nd4 Qd7 19. Bf4 Ke7 20. e3 Rc8 21. Rxc8
Qxc8 22. Be2 Qc1+ 23. Bd1 Bc4 24. Ngxf5+ Kf7 25. Nxd6+ Kg6 26. Nf3 h6 27. Ne5+
Kh7 28. Ndxc4 Na6 29. O-O Rd8 30. Bf3 Qc2 31. Nxb6 Ne4 32. Bxe4+ Qxe4 33. Qxa5
Nc7 34. Nf7 Qc2 35. Nxd8 1-0

[Event "Summer Cup"]
[Site "Wellington Chess Club"]
[Date "2012.04.03"]
[Round "8"]
[White "Aldridge, Alan"]
[Black "Pomeroy, Arthur"]
[Result "1/2-1/2"]
[WhiteElo "1924"]
[BlackElo "2081"]

1. b3 e5 2. Bb2 Nc6 3. e3 d6 4. Bb5 Bd7 5. Ne2 Nge7 6. O-O a6 7. Bxc6 Nxc6 8.
Nbc3 g6 9. d4 Bg7 10. dxe5 dxe5 11. Ba3 Be6 12. Qxd8+ Rxd8 13. Rad1 Bf8 14.
Rxd8+ Nxd8 15. Bxf8 Kxf8 1/2-1/2

[Event "Summer Cup"]
[Site "Wellington Chess Club"]
[Date "2012.04.03"]
[Round "8"]
[White "Brockway, Andrew"]
[Black "Forster, Bill"]
[Result "0-1"]
[WhiteElo "1805"]
[BlackElo "2004"]

1. e4 g6 2. d4 c5 3. c3 cxd4 4. cxd4 d5 5. Nc3 dxe4 6. Bb5+ Nd7 7. Qa4 Nf6 8.
Bg5 Bg7 9. Bxf6 Bxf6 10. Nxe4 O-O 11. Nxf6+ exf6 12. Ne2 Nb6 13. Qb4 a6 14. Bd3
Nd5 15. Qd2 Qd6 16. O-O Bd7 17. Bc4 Bc6 18. a3 Rad8 19. Rac1 f5 20. Bxd5 Qxd5
21. f3 Rd7 22. Rfd1 Rfd8 23. Qg5 Qe6 24. Re1 f6 25. Qd2 Qf7 26. Rc3 Bb5 27. Qc2
Bxe2 28. Rxe2 Rxd4 29. Rc7 R4d7 30. Rxd7 Qxd7 31. Qb3+ Kg7 32. Qe3 Kf7 33. Qb3+
Qd5 34. Qb4 Qd4+ 35. Qxd4 Rxd4 36. Kf2 f4 37. Rc2 Ke7 38. Rc7+ Rd7 39. Rc2 Kd6
40. Ke2 Re7+ 41. Kf2 Re5 42. Rc4 g5 43. Rb4 b5 44. Rb3 Rc5 45. Rd3+ Rd5 46. Rc3
Rd2+ 47. Kf1 Rxb2 48. Rd3+ Ke5 49. Rd7 Rb3 50. Rb7 Rxa3 51. Rxh7 b4 52. Re7+
Kd4 53. Re6 b3 54. Rd6+ Kc5 55. Rd8 b2 56. Rc8+ Kd6 0-1

[Event "Summer Cup"]
[Site "Wellington Chess Club"]
[Date "2012.04.03"]
[Round "8"]
[White "Hewson, Michael"]
[Black "Ker, Anthony"]
[Result "0-1"]
[WhiteElo "1718"]
[BlackElo "2451"]

1. e4 d6 2. d4 Nf6 3. Nc3 g6 4. f4 Bg7 5. Nf3 c5 6. Bb5+ Bd7 7. e5 Ng4 8. e6
Bxb5 9. exf7+ Kd7 10. Nxb5 Qa5+ 11. Nc3 cxd4 12. Nxd4 Bxd4 13. Qxd4 Nc6 14. Qc4
Qb6 15. Qe2 h5 16. h3 Nh6 17. Ne4 Nxf7 18. c3 Rac8 19. Be3 Qa6 20. Qd2 Kc7 21.
Qd5 Rhf8 22. b4 e6 23. Qd2 Qc4 24. Qe2 Qxe2+ 25. Kxe2 Ne7 26. c4 Kb8 27. Nf6
Rfd8 28. Rac1 Nf5 29. Bf2 h4 30. Rc3 d5 31. c5 d4 32. Ra3 e5 33. Kf3 Rc6 34.
Ne4 Re6 35. g4 hxg3 36. Nxg3 Nxg3 37. Bxg3 e4+ 38. Ke2 Ka8 39. Rd1 Nh6 40. Rb3
Nf5 41. Bh2 d3+ 0-1

[Event "Summer Cup"]
[Site "Wellington Chess Club"]
[Date "2012.04.03"]
[Round "8"]
[White "Jackson, Ross"]
[Black "Frater, Dylan"]
[Result "1-0"]
[WhiteElo "2020"]
[BlackElo "1457"]

1. d4 d5 2. c4 e5 3. dxe5 d4 4. a3 Nc6 5. Nf3 Bf5 6. Bf4 h6 7. h4 Qd7 8. b4 Qe6
9. Nbd2 O-O-O 10. Qa4 Qg6 11. Rc1 Re8 12. b5 Bc5 13. bxc6 Qxc6 14. Qxc6 bxc6
15. Ra1 Rd8 16. Nb3 Bb6 17. c5 Be6 18. Nfxd4 Bxc5 19. Nxe6 fxe6 20. Nxc5 Ne7
1-0

[Event "Summer Cup"]
[Site "Wellington Chess Club"]
[Date "2012.04.03"]
[Round "8"]
[White "Marney, John"]
[Black "Cook, John"]
[Result "1-0"]
[WhiteElo "1620"]
[BlackElo "1656"]

1. e4 c5 2. Nc3 Nc6 3. f4 e5 4. Nf3 d6 5. Bb5 Ne7 6. d3 a6 7. Ba4 b5 8. Bb3 Qb6
9. Bd2 Ng6 10. Nd5 Qa7 11. c3 Be7 12. f5 Nh4 13. Nxe7 Nxf3+ 14. Qxf3 Qxe7 15.
O-O f6 16. Qh5+ Kd8 17. Rf3 a5 18. Rg3 Bd7 19. Rc1 Kc7 20. Qg4 g5 21. Bd5 Rab8
22. Qd1 h5 23. Qc2 h4 24. Re3 Be8 25. a4 b4 26. cxb4 Nxb4 27. Bxb4 Rxb4 28. b3
Bf7 29. Bc4 Rhb8 30. Ree1 Kd8 31. Rb1 Qd7 32. Rb2 Be8 33. Bb5 Qa7 34. Bxe8 Kxe8
35. Reb1 Qb6 36. Kf1 Qa6 37. Kf2 Kd7 38. Kf3 Qc8 39. Ke2 Qh8 40. Kd2 Qh5 41.
Qd1 Qf7 42. Kc3 Kc6 43. Kd2 d5 44. Ke3 dxe4 45. dxe4 Rd4 46. Qe2 Rb6 47. Kf2
Qd7 48. Rc1 Rxb3 49. Qa6+ Kc7 50. Qa7+ Kc8 51. Qxd7+ Kxd7 52. Rxb3 Kc6 53. Rbc3
1-0

[Event "Summer Cup"]
[Site "Wellington Chess Club"]
[Date "2012.04.03"]
[Round "8"]
[White "Palmer, Luke"]
[Black "Gillespie, John"]
[Result "0-1"]
[WhiteElo "1151"]
[BlackElo "1551"]

1. e4 e5 2. Nf3 Nc6 3. Nc3 Nf6 4. Bb5 d6 5. O-O Be7 6. Bxc6+ bxc6 7. d3 O-O 8.
Bd2 Bg4 9. h3 Bd7 10. Qe2 Rb8 11. Rab1 Re8 12. Be3 a6 13. d4 exd4 14. Bxd4 c5
15. Be3 Qc8 16. Rfd1 Bc6 17. a3 Bf8 18. Qc4 Bb5 19. Nxb5 axb5 20. Qe2 Nxe4 21.
Rd3 c4 22. Rd4 c5 23. Rdd1 Qb7 24. Bf4 Nc3 25. Qd2 Nxb1 26. Rxb1 Rbd8 27. Rf1
Re6 28. Ng5 Rg6 29. Bg3 h6 30. Nf3 Be7 31. Re1 Re6 32. Rf1 Bf6 33. c3 d5 34.
Qd1 d4 35. cxd4 cxd4 36. Nd2 d3 37. Qc1 Rde8 38. Bf4 Bg5 39. Bxg5 hxg5 40. Qd1
Re2 41. Nf3 Qd5 42. Qc1 d2 43. Nxd2 Rxd2 44. Qc3 Rd1 45. Rxd1 Qxd1+ 46. Kh2
Qd6+ 47. g3 Re2 48. Kg1 Qd1+ 49. Kg2 Re1 50. Qb4 Rg1+ 51. Kh2 Rh1+ 52. Kg2 Qf1+
53. Kf3 Rxh3 54. Qxb5 Qd3+ 55. Kg2 g4 56. Qe8+ Kh7 57. Qxf7 Qe4+ 58. f3 Qe2+
59. Kg1 Rxg3+ 60. Kh1 Qg2# 0-1

[Event "Summer Cup"]
[Site "Wellington Chess Club"]
[Date "2012.04.03"]
[Round "8"]
[White "Timergazi, Layla"]
[Black "Roberts, Michael"]
[Result "1-0"]
[WhiteElo "1302"]
[BlackElo "1789"]

1. d4 Nf6 2. c4 g6 3. Nc3 d5 4. cxd5 Nxd5 5. e4 Nxc3 6. bxc3 Bg7 7. Nf3 O-O 8.
Be2 c5 9. O-O Nc6 10. Be3 Bg4 11. d5 Bxf3 12. Bxf3 Na5 13. Bxc5 Bxc3 14. Rc1
Bg7 15. Qd2 b6 16. Bb4 Nb7 17. Rc2 Qd7 18. Rfc1 Be5 19. Be2 a5 20. Ba3 b5 21.
f4 Bb8 22. e5 b4 23. Bb2 Ba7+ 24. Kh1 Rac8 25. Rxc8 Rxc8 26. Rxc8+ Qxc8 27. h3
Qc5 28. Qd1 a4 29. Bf3 Nd8 30. d6 e6 31. Be4 Kf8 32. Bc2 a3 33. Bc1 Nc6 34. Ba4
Ke8 35. f5 gxf5 36. d7+ 1-0

[Event "Summer Cup"]
[Site "Wellington Chess Club"]
[Date "2012.04.03"]
[Round "8"]
[White "Veldhuizen, Matt"]
[Black "Sknar, Andrew"]
[Result "1-0"]
[WhiteElo "1545"]
[BlackElo "1044"]

1. c4 e5 2. g3 Nc6 3. Bg2 f5 4. d3 Qe7 5. Nc3 Qc5 6. Nf3 b6 7. a3 Bb7 8. b4 Qe7
9. Nd5 Qe6 10. Nxc7+ Kd8 11. Nxe6+ dxe6 12. Bb2 e4 13. dxe4+ Kc7 14. exf5 exf5
15. Ng5 h6 16. Ne6+ Kc8 17. Bxc6 Bxc6 18. Qd8+ Kb7 19. Qc7+ Ka6 20. b5+ Ka5 21.
Qxc6 Rb8 22. Be5 Ne7 23. Qc7 a6 24. Bc3+ Ka4 25. Qxb8 axb5 26. Qxb6 Kb3 27.
Qxb5+ Kc2 28. Qb2# 1-0

[Event "Summer Cup"]
[Site "Wellington Chess Club"]
[Date "2012.04.03"]
[Round "8"]
[White "Wastney, Scott"]
[Black "Dive, Russell"]
[Result "1-0"]
[WhiteElo "2372"]
[BlackElo "2440"]

1. e4 Nf6 2. Nc3 d5 3. e5 Ne4 4. Nxe4 dxe4 5. d4 exd3 6. Bxd3 Nc6 7. Nf3 Bg4 8.
h3 Bxf3 9. Qxf3 e6 10. O-O Qd4 11. Re1 Rd8 12. Qg3 h6 13. Be4 g5 14. c3 Qb6 15.
b4 Bg7 16. Be3 Qb5 17. f4 Qc4 18. Bc5 Bf8 19. Bxf8 gxf4 20. Qxf4 Rxf8 21. Re3
a5 22. a3 Qb5 23. Rf1 Nxe5 24. Bf5 Nc4 25. Bd3 Rxd3 26. Rxd3 Qb6+ 27. Kh1 Nxa3
28. Qf6 c6 29. Rfd1 1-0